1032 1619 1226 1856 1317 1119 1605 1097 1332 1079 1606 1938 1775 1005 1661 1076 1601 1729 1733 1857 1046 1358 1848 1259 1875 1844 1596 1103 1922 1430 1782 1276 1202 1211 1589 1986 1043 1287 1799 1071 1885 1153 1697 1853 1365 1201 1790 1531 1483 1927 1810 1707 1255 1744 1541 1727 1731 1907 1136 1045 1041 1650 1724 1823 1923 1278 1661 1585 1981 1969 1144 1947 1575 1301 1613 1213 1593 1485 1044 1525 1055 1700 1789 1631 1614 1291 1294 1633 1091 1580 1281 1358 1657 1192 1149 1668 1520 1922 1651 BCNSPRNW ULIB Ver.6.0+V

เปลี่ยนเป็นภาษาไทย

Change to English
 แสดงรายละเอียดบรรณานุกรม
  กลับหน้าหลัก

Brief Record : Get Marc (ISO 2709) : E-mail record : QR code < ปิดหน้าต่าง
LEADER : 00000nam 2200000uu 4500
001    13399127156
003     ULIB
008    191018s2562||||th 000 0 tha d
020 ^- ^a9786164577534
050 ^- ^aนว.^bจ756ร
100 0^ ^aเจ้าหญิงละเมอ.
245 10 ^aรักนะครับคุณชายซกมก /^cเจ้าหญิงละเมอ.
250 ^- ^aพิมพ์ครั้งที่ 1.
260 ^- ^aกรุงเทพฯ :^bมีดี,^c2562
300 ^- ^a375 หน้า.
945    ^p300^l0^i006343
999    ^aประนอม เกษจรัล
รายการนี้ยังไม่มีแท็ก
คุณยังไม่ได้ล็อกอิน คุณสามารถมีกิจกรรมร่วมกับเว็บไซต์ได้ แต่ต้องล็อกอินก่อน ::
  ล็อกอิน

รายการสื่อสารสนเทศ

ลำดับที่ ประเภท เลขเรียก/บาร์โค้ด สถานที่ สถานะ
1. นวนิยาย
นวนิยาย
นว. จ756ร ฉ.1 
  Barcode: 006343
ห้องสมุดวิทยาเขตนครสวรรค์
►นวนิยาย:l:Fiction
บนชั้น

รายการใกล้เคียง
    ผู้แต่ง [เจ้าหญิงละเมอ.]

BibComment


ยังไม่เคยถูกคอมเมนท์

คอมเมนท์ทรัพยากรรายการนี้
  คอมเมนท์: รักนะครับคุณชายซ..


 Copyright 2026. Bcnsprnw @Library